| 000 | 00430nab a2200145Ia 4500 | ||
|---|---|---|---|
| 003 | ES-SlBCS | ||
| 005 | 20210601125229.0 | ||
| 008 | 140529s1971 xxu||||| |||| 00| 0 eng d | ||
| 041 | _aeng | ||
| 100 | 1 |
_aHart, Samuel L. _9155697 |
|
| 245 | 0 | 0 |
_aAxiology - Theory of Values _c Samuel L. Hart |
| 650 | 0 | 4 |
_aAxiología _9155698 |
| 773 | 0 |
_tPhilosophy and Phenomenological Research _gvol. 32, 1971, págs. 29-41 _wRev1411 |
|
| 942 | _cAR | ||
| 999 |
_c526893 _d526893 |
||